Quiz o rzadkości postać z Brawl Stars - Statystyki

Ogólne statystyki
  • Ten quiz został rozwiązany 40 razy
  • Średni wynik to 6 z 8
Statystyki odpowiedzi
odpowiedzi % Poprawnych
colt
93%
nita
87%
bull
83%
rosa
83%
el primo
80%
barley
77%
brock
73%
poco
70%
Nie znaleziono quizów pasujących do podanych kryteriów
Rozkład punktacji
Procent ludzi z każdym wynikiem
Percentyl według liczby udzielonych odpowiedzi
Twoja historia wyników
Nie rozwiązałeś tego quizu